000 00467nam a2200181 a 4500
001 2075
003 CO-ViMGA
008 141112s2004 ck r 000 u spa d
020 _a8439716494
040 _aCO-ViMGA
_bspa
_cCO-ViMGA
082 0 4 _aU863.44 O537a
100 1 _aOnetti, Juan Carlos
_96581
245 1 0 _aEl astillero /
_cOnetti Juan Carlos
260 _aMadrid :
_bMondadori,
_c1990
300 _a192 p
650 1 4 _aNOVELA URUGUAYA
_95337
942 _2ddc
_cBK
999 _c14218
_d14218